000 00420 a2200121 4500
001 ART_12904
005 20260410161909.0
008 260409a
245 1 0 _aHerramientas para la administración y valuación del capital intelectual
100 1 _aEnriquez de Rivera, Sylvia Meljem
700 1 _aAlcalá Canto, María Iztchel
773 0 _tCostos y gestión
_g- Año 13, Nº 53 (sep. 2004)
_wREV12786
999 _c26665
_d26665